| 000 | 00606nam a2200181 i 4500 | ||
|---|---|---|---|
| 001 | 76453 | ||
| 003 | ES-MaACL | ||
| 005 | 20230906172839.0 | ||
| 007 | t| | ||
| 008 | 041001s1962 sp ||||1| spa d | ||
| 100 | 1 |
_aGuilera, Juan. _960698 |
|
| 245 | 1 | 0 |
_aProntuario de la Chinchilla / _cJuan Guilera ; con la colaboración de José de la Rubia ; prólogo de Ronald Arthur Francis Budd. |
| 260 |
_a[Barcelona] : _bZeus, _c1962. |
||
| 300 |
_a280 p., 10 lám. ; _c16 cm. |
||
| 700 | 1 |
_aRubia, José de la. _9100305 |
|
| 700 | 1 |
_aBudd, Ronald Arthur Francis. _932331 |
|
| 852 |
_aES-MaACL _jC-23287 _bR.51847 |
||
| 999 |
_c76453 _d76453 |
||